[Event "Mercosur Cup"]
[Site "Villa Martelli"]
[Date "2008.08.05"]
[Round "9"]
[White "Real de Azua, Ernesto"]
[Black "Rodriguez Vila, Andres"]
[Result "1/2-1/2"]
[WhiteElo "2429"]
[BlackElo "2531"]
[PlyCount "75"]
[EventDate "2008.07.29"]
[EventType "tourn"]
[EventRounds "11"]
[EventCountry "ARG"]
[EventCategory "8"]
[SourceTitle "CBM 125 Extra"]
[Source "ChessBase"]
[SourceDate "2008.09.01"]
[SourceVersion "1"]
[SourceVersionDate "2008.09.01"]
[SourceQuality "1"]

1. e4 e6 2. d4 d5 3. Nd2 Nf6 4. e5 Nfd7 5. Bd3 c5 6. c3 Nc6 7. Ne2 cxd4 8. cxd4
f6 9. Nf4 Nxd4 10. Qh5+ Ke7 11. exf6+ Nxf6 12. Ng6+ hxg6 13. Qxh8 Kf7 14. Qh4
e5 15. Nf3 Nxf3+ 16. gxf3 Bf5 17. Bxf5 gxf5 18. Bg5 Qa5+ 19. Kf1 Be7 20. Kg2 d4
21. Rac1 Rd8 22. b4 Qd5 23. Rc7 Rd7 24. Rhc1 Kg6 25. Bxf6 Bxf6 26. Qg3+ Kf7 27.
Qh3 Kg6 28. Rc8 Rd8 29. Qg3+ Kh7 30. Qh3+ Kg6 31. R8c5 Qe6 32. Kh1 d3 33. Rc7
Rd7 34. Rc8 Rd8 35. Rg1+ Kf7 36. Qh5+ Kg8 37. Rc7 Rd7 38. Rc8+ 1/2-1/2

[Event "Mercosur Cup"]
[Site "Villa Martelli"]
[Date "2008.08.06"]
[Round "10"]
[White "Rodriguez Vila, Andres"]
[Black "Molina, Roberto Junio Brito"]
[Result "1-0"]
[WhiteElo "2531"]
[BlackElo "2402"]
[PlyCount "59"]
[EventDate "2008.07.29"]
[EventType "tourn"]
[EventRounds "11"]
[EventCountry "ARG"]
[EventCategory "8"]
[SourceTitle "CBM 125 Extra"]
[Source "ChessBase"]
[SourceDate "2008.09.01"]
[SourceVersion "1"]
[SourceVersionDate "2008.09.01"]
[SourceQuality "1"]

1. f4 d5 2. Nf3 g6 3. g3 Bg7 4. Bg2 c6 5. Nc3 Bg4 6. O-O Nd7 7. d4 Bxf3 8. Bxf3
f5 9. g4 e6 10. e3 Nh6 11. b3 fxg4 12. Bxg4 Nxg4 13. Qxg4 Qf6 14. Ba3 Qf5 15.
Qh4 Nf6 16. Na4 b6 17. Rac1 Qg4+ 18. Qg3 Qxg3+ 19. hxg3 Ne4 20. Kg2 Kd7 21. c4
Bf8 22. Bxf8 Raxf8 23. Nb2 Nf6 24. Rc2 Rc8 25. Nd3 Rc7 26. Ne5+ Kd6 27. Rh1 Rg8
28. c5+ bxc5 29. Rxc5 Ne4 30. Rxh7 1-0

[Event "ARG-chT"]
[Site "Villa Martelli"]
[Date "2008.08.16"]
[Round "2"]
[White "Ocampos, Ian Guido"]
[Black "Rodriguez Vila, Andres"]
[Result "0-1"]
[WhiteElo "1881"]
[BlackElo "2531"]
[PlyCount "72"]
[EventDate "2008.08.09"]
[EventType "team-tourn"]
[EventRounds "9"]
[EventCountry "ARG"]
[SourceTitle "EXT 2009"]
[Source "ChessBase"]
[SourceDate "2008.11.26"]
[SourceVersion "1"]
[SourceVersionDate "2008.11.26"]
[SourceQuality "1"]

1. e4 e6 2. d4 d5 3. Nc3 Bb4 4. e5 c5 5. a3 Bxc3+ 6. bxc3 Nc6 7. Nf3 Qa5 8. Bd2
Qa4 9. Bd3 c4 10. Be2 Bd7 11. O-O O-O-O 12. Ng5 Rf8 13. f4 f6 14. Nh3 Nge7 15.
g4 h5 16. g5 Be8 17. exf6 gxf6 18. f5 Nxf5 19. Nf4 Ng7 20. g6 Ne7 21. Kh1 Nxg6
22. Rg1 Nxf4 23. Rxg7 Nxe2 24. Qxe2 Bd7 25. Bf4 Rfg8 26. Qg2 Re8 27. Bd6 Qc6
28. Be7 e5 29. Rf1 exd4 30. Rxf6 Qxf6 31. Bxf6 Re1+ 32. Qg1 Rxg1+ 33. Rxg1 Bf5
34. Rg5 Be4+ 35. Kg1 d3 36. cxd3 cxd3 0-1

[Event "ARG-chT"]
[Site "Villa Martelli"]
[Date "2008.09.27"]
[Round "8"]
[White "Rodriguez Vila, Andres"]
[Black "Labollita, Martin"]
[Result "1-0"]
[WhiteElo "2531"]
[BlackElo "2413"]
[PlyCount "129"]
[EventDate "2008.08.09"]
[EventType "team-tourn"]
[EventRounds "9"]
[EventCountry "ARG"]
[SourceTitle "EXT 2009"]
[Source "ChessBase"]
[SourceDate "2008.11.26"]
[SourceVersion "1"]
[SourceVersionDate "2008.11.26"]
[SourceQuality "1"]

1. e4 e6 2. d4 d5 3. e5 c5 4. c3 Qb6 5. Nf3 Nc6 6. Be2 Nh6 7. Na3 cxd4 8. cxd4
Nf5 9. Nc2 Nb4 10. Ne3 Nxe3 11. fxe3 a5 12. O-O Be7 13. a3 Nc6 14. Qe1 O-O 15.
Qg3 f6 16. exf6 Bxf6 17. Bd3 Qb3 18. Bb1 Bd7 19. Qh3 g6 20. Ba2 Qb5 21. Bd2
Rad8 22. Bc3 Kg7 23. Qg3 Ne7 24. Rae1 Bc6 25. Bb1 Qb6 26. Ne5 Qc7 27. Qh3 Nf5
28. Ng4 Bg5 29. e4 Nd6 30. Qg3 Rxf1+ 31. Rxf1 Nb5 32. Ne5 Bf6 33. Rxf6 Kxf6 34.
a4 Kg7 35. axb5 Bxb5 36. Bd2 Rf8 37. Bh6+ Kg8 38. h4 Rf1+ 39. Kh2 Rxb1 40. Qg4
Qd6 41. h5 Be8 42. hxg6 hxg6 43. Bf4 Qe7 44. Nxg6 Bxg6 45. Qxg6+ Qg7 46. Qxe6+
Qf7 47. Qc8+ Kh7 48. Qh3+ Kg8 49. Qg4+ Kh7 50. Be5 Rxb2 51. exd5 Rb5 52. Qh3+
Kg6 53. Qd3+ Qf5 54. Qxb5 Qh5+ 55. Kg1 Qd1+ 56. Kf2 a4 57. Qe8+ Kf5 58. Qe6+
Ke4 59. Bf6+ Kd3 60. Qe3+ Kc4 61. d6 Qc2+ 62. Qe2+ Qxe2+ 63. Kxe2 a3 64. d7 a2
65. d5 1-0

[Event "ESP-chT Honor Gp2"]
[Site "Sabadell"]
[Date "2008.09.05"]
[Round "3"]
[White "Rodriguez Vila, Andres"]
[Black "Brunello, Sabino"]
[Result "1-0"]
[WhiteElo "2531"]
[BlackElo "2482"]
[PlyCount "73"]
[EventDate "2008.09.03"]
[EventType "team"]
[EventRounds "5"]
[EventCountry "ESP"]
[SourceTitle "CBM 126"]
[Source "ChessBase"]
[SourceDate "2008.10.01"]
[SourceVersion "1"]
[SourceVersionDate "2008.10.01"]
[SourceQuality "1"]

1. d4 Nf6 2. Bg5 e6 3. e4 h6 4. Bxf6 Qxf6 5. Nc3 Bb4 6. Qd3 d5 7. e5 Qd8 8.
Nge2 c5 9. a3 Qa5 10. O-O-O c4 11. Qg3 Bf8 12. Nf4 Nc6 13. Nh5 Rh7 14. Bxc4
dxc4 15. d5 Ne7 16. d6 Nf5 17. Qf3 Qxe5 18. Rhe1 Nd4 19. d7+ Bxd7 20. Qxb7 Qg5+
21. f4 Bc6 22. Qxa8+ Bxa8 23. fxg5 hxg5 24. Rxd4 Rxh5 25. Red1 Bc6 26. Rxc4
Bxg2 27. Rc8+ Ke7 28. Rdd8 Rxh2 29. Re8+ Kd6 30. Rxf8 f5 31. Rh8 Rh4 32. Rcg8
f4 33. Rxh4 gxh4 34. Rxg7 h3 35. Rh7 f3 36. Ne4+ Ke5 37. Rh4 1-0

[Event "ESP-chT Honor Gp2"]
[Site "Sabadell"]
[Date "2008.09.07"]
[Round "5"]
[White "Rodriguez Vila, Andres"]
[Black "Shengelia, Davit"]
[Result "1-0"]
[WhiteElo "2531"]
[BlackElo "2569"]
[PlyCount "99"]
[EventDate "2008.09.03"]
[EventType "team"]
[EventRounds "5"]
[EventCountry "ESP"]
[SourceTitle "CBM 126"]
[Source "ChessBase"]
[SourceDate "2008.10.01"]
[SourceVersion "1"]
[SourceVersionDate "2008.10.01"]
[SourceQuality "1"]

1. e4 c5 2. Nc3 a6 3. g3 b5 4. Bg2 Bb7 5. d3 e6 6. f4 d5 7. Qe2 Nc6 8. exd5 Nd4
9. Qf2 b4 10. dxe6 Bxg2 11. Qxg2 bxc3 12. bxc3 Nxe6 13. Qc6+ Ke7 14. f5 Rc8 15.
Qe4 Nf6 16. Bg5 Kd6 17. fxe6 Nxe4 18. Bxd8 Rxd8 19. dxe4 Kxe6 20. Nh3 f6 21.
Nf4+ Ke5 22. c4 Rd4 23. O-O Rxc4 24. Rad1 Rd4 25. Kg2 Be7 26. c3 Rxd1 27. Rxd1
Rd8 28. Nd3+ Kd6 29. Nb4+ Ke6 30. Nd5 Bd6 31. Nf4+ Kd7 32. Nh5 Rg8 33. Kf3 Kc6
34. c4 Be5 35. Rd5 g5 36. Kg4 Bd4 37. Kf5 Rf8 38. g4 h6 39. h3 Re8 40. Ng7 Rb8
41. Ne6 Bg1 42. Kxf6 Rb4 43. Nd8+ Kc7 44. e5 Rxc4 45. e6 Rf4+ 46. Kg6 c4 47. e7
Re4 48. Kf7 c3 49. Ne6+ Kc6 50. Rd3 1-0

[Event "Villa Martelli Pro Am op 15th"]
[Site "Villa Martelli"]
[Date "2008.10.10"]
[Round "1"]
[White "Krysa, Leandro Sergio"]
[Black "Rodriguez Vila, Andres"]
[Result "0-1"]
[WhiteElo "2100"]
[BlackElo "2508"]
[PlyCount "95"]
[EventDate "2008.10.10"]
[EventType "swiss"]
[EventRounds "9"]
[EventCountry "ARG"]
[SourceTitle "CBM 126 Extra"]
[Source "ChessBase"]
[SourceDate "2008.11.05"]
[SourceVersion "1"]
[SourceVersionDate "2008.11.05"]
[SourceQuality "1"]

1. d4 f5 2. Nc3 d5 3. Bg5 g6 4. e3 Nh6 5. h4 Nf7 6. Qf3 c6 7. Qg3 Nd7 8. O-O-O
Bg7 9. Nh3 Nxg5 10. Nxg5 Nf6 11. f3 Qd6 12. Qf2 O-O 13. f4 b5 14. Be2 h6 15.
Nf3 Ng4 16. Qg1 h5 17. Ne5 a5 18. Bxg4 fxg4 19. Nd3 a4 20. a3 Bf5 21. Na2 Bxd3
22. Rxd3 Rac8 23. Nb4 c5 24. dxc5 Rxc5 25. g3 Qf6 26. Rd4 Qf5 27. Rd3 e6 28.
Qg2 Rc4 29. Rhd1 Rfc8 30. R1d2 Bf8 31. Rd4 Bc5 32. Qe2 Bxd4 33. exd4 Kg7 34.
Qe3 Qe4 35. Qxe4 dxe4 36. c3 Kf6 37. Kd1 Ke7 38. Re2 Rxb4 39. axb4 a3 40. Kc2
a2 41. Re1 Ra8 42. Ra1 Kd6 43. Kd2 Kd5 44. b3 Ra3 45. Kc2 e3 46. Kd3 e2 47.
Kxe2 Rxb3 48. Rxa2 0-1

[Event "Villa Martelli Pro Am op 15th"]
[Site "Villa Martelli"]
[Date "2008.10.11"]
[Round "2"]
[White "Rodriguez Vila, Andres"]
[Black "Madeira, Wagner Martins"]
[Result "1/2-1/2"]
[WhiteElo "2508"]
[BlackElo "2230"]
[PlyCount "97"]
[EventDate "2008.10.10"]
[EventType "swiss"]
[EventRounds "9"]
[EventCountry "ARG"]
[SourceTitle "CBM 126 Extra"]
[Source "ChessBase"]
[SourceDate "2008.11.05"]
[SourceVersion "1"]
[SourceVersionDate "2008.11.05"]
[SourceQuality "1"]

1. d4 c5 2. d5 Nf6 3. Nc3 g6 4. Bg5 Bg7 5. d6 Qb6 6. e3 exd6 7. Bc4 O-O 8. Nge2
Na6 9. Bxf6 Bxf6 10. Nd5 Qd8 11. c3 Nc7 12. Nef4 b6 13. Nxc7 Qxc7 14. h4 Bb7
15. h5 g5 16. Nd5 Bxd5 17. Qxd5 h6 18. Rh3 Rae8 19. Qf5 Kg7 20. O-O-O Re5 21.
Qd3 b5 22. Bd5 c4 23. Qc2 Qc5 24. Qd2 Rfe8 25. e4 a5 26. a3 Rb8 27. Rf3 b4 28.
axb4 axb4 29. Rxf6 Kxf6 30. f4 gxf4 31. Qxf4+ Ke7 32. cxb4 Qxb4 33. Qxf7+ Kd8
34. Qf6+ Kc7 35. Rd2 Rxh5 36. Bxc4 Rh1+ 37. Bf1 Rb6 38. Rc2+ Rc6 39. Rxc6+ dxc6
40. Kc2 Qxe4+ 41. Kb3 Qe3+ 42. Ka2 Qa7+ 43. Kb1 Kb6 44. Qd4+ Kb7 45. Qg7+ Ka8
46. Qg8+ Qb8 47. Qa2+ Qa7 48. Qg8+ Qb8 49. Qa2+ 1/2-1/2

[Event "Villa Martelli Pro Am op 15th"]
[Site "Villa Martelli"]
[Date "2008.10.12"]
[Round "3"]
[White "Arenas, Sergio"]
[Black "Rodriguez Vila, Andres"]
[Result "0-1"]
[WhiteElo "2155"]
[BlackElo "2508"]
[PlyCount "54"]
[EventDate "2008.10.10"]
[EventType "swiss"]
[EventRounds "9"]
[EventCountry "ARG"]
[SourceTitle "CBM 126 Extra"]
[Source "ChessBase"]
[SourceDate "2008.11.05"]
[SourceVersion "1"]
[SourceVersionDate "2008.11.05"]
[SourceQuality "1"]

1. e4 d6 2. d3 g6 3. g3 c5 4. Bg2 Nc6 5. Nf3 Bg7 6. O-O Rb8 7. c3 e5 8. a4 a6
9. Be3 Nf6 10. h3 O-O 11. Qc1 c4 12. dxc4 Nxe4 13. Nh4 f5 14. Bh6 Na5 15. Bxg7
Kxg7 16. Qc2 Qb6 17. Na3 Be6 18. c5 dxc5 19. Bxe4 fxe4 20. Qxe4 Rbe8 21. Qxe5+
Kg8 22. b4 cxb4 23. cxb4 Nb3 24. a5 Qxb4 25. Nc2 Qd2 26. Rae1 Qxc2 27. Re2 Qc5
0-1

[Event "Villa Martelli Pro Am op 15th"]
[Site "Villa Martelli"]
[Date "2008.10.13"]
[Round "4"]
[White "Rodriguez Vila, Andres"]
[Black "Malbran, Guillermo"]
[Result "1-0"]
[WhiteElo "2508"]
[BlackElo "2247"]
[PlyCount "49"]
[EventDate "2008.10.10"]
[EventType "swiss"]
[EventRounds "9"]
[EventCountry "ARG"]
[SourceTitle "CBM 126 Extra"]
[Source "ChessBase"]
[SourceDate "2008.11.05"]
[SourceVersion "1"]
[SourceVersionDate "2008.11.05"]
[SourceQuality "1"]

1. f4 e5 2. fxe5 d6 3. Nf3 dxe5 4. e4 Nc6 5. Bc4 Bc5 6. c3 Nf6 7. d3 a6 8. Qe2
Qe7 9. b4 Bd6 10. Bg5 h6 11. Bh4 Be6 12. O-O Bxc4 13. dxc4 Qe6 14. Nfd2 Be7 15.
Na3 O-O-O 16. Nb3 Nd7 17. Bxe7 Nxe7 18. c5 f6 19. Nc4 Nb8 20. a4 h5 21. b5 Qd7
22. c6 bxc6 23. bxa6 Qd3 24. Qxd3 Rxd3 25. Nc5 1-0

[Event "Villa Martelli Pro Am op 15th"]
[Site "Villa Martelli"]
[Date "2008.10.14"]
[Round "5"]
[White "Slipak, Sergio"]
[Black "Rodriguez Vila, Andres"]
[Result "0-1"]
[WhiteElo "2456"]
[BlackElo "2508"]
[PlyCount "110"]
[EventDate "2008.10.10"]
[EventType "swiss"]
[EventRounds "9"]
[EventCountry "ARG"]
[SourceTitle "CBM 126 Extra"]
[Source "ChessBase"]
[SourceDate "2008.11.05"]
[SourceVersion "1"]
[SourceVersionDate "2008.11.05"]
[SourceQuality "1"]

1. e4 e6 2. f4 d5 3. e5 c5 4. Nf3 Nh6 5. c3 Nc6 6. Na3 c4 7. Nc2 Bc5 8. d4 cxd3
9. Bxd3 Qb6 10. b4 Be7 11. Be3 Qc7 12. h3 Nf5 13. Bf2 h5 14. O-O g6 15. g4 hxg4
16. hxg4 Nh6 17. Nfd4 Bd7 18. Nb5 Qd8 19. Nd6+ Bxd6 20. exd6 f5 21. b5 Nxg4 22.
bxc6 Bxc6 23. Nd4 Qxd6 24. Qe2 Qxf4 25. Qxe6+ Kf8 26. Qf6+ Nxf6 27. Ne6+ Kf7
28. Nxf4 Rh6 29. Bd4 Rah8 30. Bxf6 Kxf6 31. Kf2 g5 32. Ne2 f4 33. Ke1 Re8 34.
Kd2 Rh2 35. Rh1 Reh8 36. Rxh2 Rxh2 37. Rf1 Bd7 38. Ke1 Bh3 39. Rf2 Rh1+ 40. Kd2
Ke5 41. Nd4 Ra1 42. Rh2 Rxa2+ 43. Bc2 g4 44. Re2+ Kf6 45. Re6+ Kf7 46. Re5 g3
47. Rxd5 g2 48. Rg5 Ra1 49. Nf3 a5 50. Be4 a4 51. Bxb7 Rf1 52. Kc2 a3 53. Nd2
g1=Q 54. Rxg1 Rxg1 55. Bd5+ Be6 0-1

[Event "Villa Martelli Pro Am op 15th"]
[Site "Villa Martelli"]
[Date "2008.10.16"]
[Round "7"]
[White "Real de Azua, Ernesto"]
[Black "Rodriguez Vila, Andres"]
[Result "1/2-1/2"]
[WhiteElo "2413"]
[BlackElo "2508"]
[PlyCount "29"]
[EventDate "2008.10.10"]
[EventType "swiss"]
[EventRounds "9"]
[EventCountry "ARG"]
[SourceTitle "CBM 126 Extra"]
[Source "ChessBase"]
[SourceDate "2008.11.05"]
[SourceVersion "1"]
[SourceVersionDate "2008.11.05"]
[SourceQuality "1"]

1. e4 e6 2. d4 d5 3. e5 c5 4. c3 Bd7 5. Nf3 Nc6 6. Be2 Qb6 7. O-O cxd4 8. cxd4
Nh6 9. Nc3 Nf5 10. Na4 Qa5 11. Bd2 Qd8 12. Bg5 Qa5 13. Bd2 Qd8 14. Bg5 Qa5 15.
Bd2 1/2-1/2

[Event "Buenos Aires PDV Cup 1st"]
[Site "Buenos Aires"]
[Date "2008.12.01"]
[Round "2"]
[White "Lopez, Diego"]
[Black "Rodriguez Vila, Andres"]
[Result "0-1"]
[WhiteElo "2154"]
[BlackElo "2508"]
[PlyCount "72"]
[EventDate "2008.11.30"]
[EventType "swiss"]
[EventRounds "9"]
[EventCountry "ARG"]
[SourceTitle "CBM 127 Extra"]
[Source "ChessBase"]
[SourceDate "2009.01.08"]
[SourceVersion "2"]
[SourceVersionDate "2009.01.28"]
[SourceQuality "1"]

1. d4 e6 2. c4 Nf6 3. Nf3 c5 4. d5 b5 5. e4 Nxe4 6. dxe6 dxe6 7. Qxd8+ Kxd8 8.
cxb5 Nd7 9. Nbd2 Nd6 10. b3 Bb7 11. Bb2 f6 12. a4 e5 13. Nc4 Nf5 14. O-O-O Nd4
15. Nxd4 cxd4 16. f4 Rc8 17. Kb1 Bc5 18. Ka2 Re8 19. Ba3 Bd5 20. fxe5 fxe5 21.
Be2 Nf6 22. Rc1 Bxa3 23. Kxa3 e4 24. Rhd1 d3 25. Bxd3 exd3 26. Rxd3 Ke7 27. Kb4
Be4 28. Re1 Kf8 29. Rd2 Rcd8 30. Nd6 Bxg2 31. Rg1 Ba8 32. Nxe8 Rxd2 33. Nxf6
gxf6 34. Rc1 Ke7 35. Rc7+ Rd7 36. Rc8 Bd5 0-1

[Event "Buenos Aires PDV Cup 1st"]
[Site "Buenos Aires"]
[Date "2008.12.02"]
[Round "3"]
[White "Rodriguez Vila, Andres"]
[Black "Quiroga, Facundo"]
[Result "1-0"]
[WhiteElo "2508"]
[BlackElo "2335"]
[PlyCount "57"]
[EventDate "2008.11.30"]
[EventType "swiss"]
[EventRounds "9"]
[EventCountry "ARG"]
[SourceTitle "CBM 127 Extra"]
[Source "ChessBase"]
[SourceDate "2009.01.08"]
[SourceVersion "2"]
[SourceVersionDate "2009.01.28"]
[SourceQuality "1"]

1. e4 c5 2. Nf3 d6 3. d4 cxd4 4. Nxd4 Nf6 5. Nc3 a6 6. h3 e5 7. Nde2 Be6 8. g4
h6 9. Bg2 Be7 10. O-O Nbd7 11. Ng3 g6 12. Be3 Qc7 13. Nd5 Bxd5 14. exd5 h5 15.
g5 Nh7 16. h4 O-O-O 17. c4 f5 18. f4 exf4 19. Bxf4 Ne5 20. Rc1 Nf8 21. Ne2 Nfd7
22. Nd4 Kb8 23. Qd2 Rc8 24. Rfe1 Nc5 25. b4 Ncd3 26. c5 Nxc1 27. Rxc1 Ka8 28.
Qe2 Qb8 29. b5 1-0

[Event "Buenos Aires PDV Cup 1st"]
[Site "Buenos Aires"]
[Date "2008.12.03"]
[Round "4"]
[White "Cori Tello, Jorge Moise"]
[Black "Rodriguez Vila, Andres"]
[Result "1-0"]
[WhiteElo "2377"]
[BlackElo "2508"]
[PlyCount "187"]
[EventDate "2008.11.30"]
[EventType "swiss"]
[EventRounds "9"]
[EventCountry "ARG"]
[SourceTitle "CBM 127 Extra"]
[Source "ChessBase"]
[SourceDate "2009.01.08"]
[SourceVersion "2"]
[SourceVersionDate "2009.01.28"]
[SourceQuality "1"]

1. e4 d6 2. d4 Nf6 3. Bd3 e5 4. c3 Nc6 5. Ne2 g6 6. O-O Bg7 7. f4 O-O 8. d5 Ne7
9. fxe5 Ng4 10. Nd4 dxe5 11. Nb3 c6 12. c4 cxd5 13. exd5 b5 14. d6 Qxd6 15. c5
Qd7 16. h3 Nf6 17. Nc3 Rb8 18. Bg5 Nfd5 19. Ne4 f6 20. Bd2 f5 21. Nd6 e4 22.
Be2 Bxb2 23. Rb1 Be5 24. Kh1 Bxd6 25. cxd6 Nc6 26. Bh6 Nc3 27. Qd2 Nxb1 28.
Qd5+ Rf7 29. Rxb1 Nb4 30. Qd4 Nd3 31. Nc5 Nxc5 32. Qxc5 f4 33. Bc4 f3 34. Bxf7+
Qxf7 35. Qc7 fxg2+ 36. Kh2 Qxc7 37. dxc7 Rb7 38. Bf4 Kf7 39. Kxg2 Rb6 40. Re1
Ra6 41. Re2 Ra3 42. h4 Rc3 43. Be5 Rc5 44. Bg3 a5 45. Rd2 b4 46. Rd8 Rc2+ 47.
Kf1 Bg4 48. Rd4 Bf5 49. Rd5 a4 50. Rb5 b3 51. axb3 a3 52. Ra5 a2 53. Bf4 Be6
54. b4 Rb2 55. Be5 Rc2 56. b5 e3 57. Ra7 Bh3+ 58. Ke1 Ke6 59. Bf4 Kd5 60. b6
Ke4 61. Bxe3 Bc8 62. Bh6 Rb2 63. Bg7 Rb1+ 64. Kf2 Rxb6 65. Rxa2 Rc6 66. Re2+
Kf5 67. Kg3 Rc5 68. Re8 Be6 69. Re7 Rc6 70. Bh6 Rc3+ 71. Kf2 Bc8 72. Rxh7 Ke6
73. Bg5 Kd6 74. Rg7 Bf5 75. Ke2 Rc4 76. Bd8 Kd5 77. Ke3 Re4+ 78. Kf3 Rc4 79.
Rf7 Bg4+ 80. Ke3 Bc8 81. Kd3 Rc6 82. Rf8 Bf5+ 83. Ke3 Rc4 84. h5 Rc3+ 85. Kf4
Rc4+ 86. Kg5 Ke6 87. Re8+ Kf7 88. Re7+ Kf8 89. h6 Rg4+ 90. Kf6 Rh4 91. h7 Rh1
92. Rg7 Be6 93. Be7+ Ke8 94. Rg8+ 1-0

[Event "Buenos Aires PDV Cup 1st"]
[Site "Buenos Aires"]
[Date "2008.12.06"]
[Round "6"]
[White "Villanueva, Mario Nicolas"]
[Black "Rodriguez Vila, Andres"]
[Result "0-1"]
[WhiteElo "2315"]
[BlackElo "2508"]
[PlyCount "136"]
[EventDate "2008.11.30"]
[EventType "swiss"]
[EventRounds "9"]
[EventCountry "ARG"]
[SourceTitle "CBM 127 Extra"]
[Source "ChessBase"]
[SourceDate "2009.01.08"]
[SourceVersion "2"]
[SourceVersionDate "2009.01.28"]
[SourceQuality "1"]

1. e4 e6 2. Nf3 d5 3. e5 c5 4. c3 Bd7 5. Na3 Nh6 6. Nc2 Qb6 7. d4 Na6 8. Bd3
Bb5 9. O-O Bxd3 10. Qxd3 Be7 11. Bxh6 gxh6 12. Ne3 cxd4 13. cxd4 Nb4 14. Qb3
Rg8 15. Rfc1 Nc6 16. Qxb6 axb6 17. Rc3 Kd7 18. a3 f6 19. Rac1 Rac8 20. Kf1 h5
21. g3 b5 22. h4 Rgf8 23. Ng2 b4 24. axb4 Bxb4 25. R3c2 fxe5 26. Nxe5+ Nxe5 27.
Rxc8 Rxc8 28. Rxc8 Kxc8 29. dxe5 Bd2 30. Ke2 Bc1 31. b3 Kd7 32. Ne1 Ke7 33. Nd3
Bh6 34. Nc5 b5 35. Kd3 Kf7 36. Kc3 Bf8 37. Nd3 Kg6 38. Kd4 Kf5 39. f3 Bg7 40.
b4 Bf8 41. Nc5 Be7 42. f4 Bd8 43. Ke3 Be7 44. Kf3 Bf8 45. Nb3 Kg6 46. Nd4 Kf7
47. Nxb5 Bxb4 48. g4 hxg4+ 49. Kxg4 Bc5 50. f5 d4 51. Nc7 exf5+ 52. Kxf5 d3 53.
e6+ Kf8 54. e7+ Bxe7 55. Nd5 d2 56. Ne3 Bxh4 57. Ke4 Bg5 58. Nd1 Kf7 59. Kf3
Ke6 60. Ke2 Kf5 61. Nf2 h5 62. Kf3 Ke5 63. Ke2 Kd4 64. Nd1 h4 65. Nf2 Bf4 66.
Nd3 d1=Q+ 67. Kxd1 Kxd3 68. Ke1 Be3 0-1

[Event "Buenos Aires PDV Cup 1st"]
[Site "Buenos Aires"]
[Date "2008.12.07"]
[Round "7"]
[White "Rodriguez Vila, Andres"]
[Black "Mareco, Sandro"]
[Result "0-1"]
[WhiteElo "2508"]
[BlackElo "2481"]
[PlyCount "60"]
[EventDate "2008.11.30"]
[EventType "swiss"]
[EventRounds "9"]
[EventCountry "ARG"]
[SourceTitle "CBM 127 Extra"]
[Source "ChessBase"]
[SourceDate "2009.01.08"]
[SourceVersion "2"]
[SourceVersionDate "2009.01.28"]
[SourceQuality "1"]

1. d4 Nf6 2. Nf3 e6 3. e3 b6 4. b3 Bb7 5. Bd3 c5 6. O-O Be7 7. Bb2 O-O 8. Nbd2
Nc6 9. a3 Re8 10. Re1 Rc8 11. Rc1 Bf8 12. c4 cxd4 13. exd4 d5 14. Nf1 dxc4 15.
bxc4 g6 16. Ne3 Bg7 17. Bb1 Na5 18. Ne5 Nd7 19. Ba2 Nxe5 20. dxe5 h5 21. c5
Rxc5 22. Rxc5 bxc5 23. Bc3 Qxd1 24. Rxd1 Nc6 25. f4 Rd8 26. Rc1 Bh6 27. Nc4
Bxf4 28. Rf1 Nd4 29. Rf2 Ba6 30. g3 Bxc4 0-1

[Event "Buenos Aires PDV Cup 1st"]
[Site "Buenos Aires"]
[Date "2008.12.11"]
[Round "9"]
[White "Rodriguez Vila, Andres"]
[Black "Cori Tello, Deysi Estella"]
[Result "1-0"]
[WhiteElo "2508"]
[BlackElo "2279"]
[PlyCount "119"]
[EventDate "2008.11.30"]
[EventType "swiss"]
[EventRounds "9"]
[EventCountry "ARG"]
[SourceTitle "CBM 127 Extra"]
[Source "ChessBase"]
[SourceDate "2009.01.08"]
[SourceVersion "2"]
[SourceVersionDate "2009.01.28"]
[SourceQuality "1"]

1. e4 e6 2. d4 d5 3. e5 c5 4. c3 Nc6 5. Nf3 Bd7 6. Bd3 Nge7 7. O-O Ng6 8. a3
cxd4 9. cxd4 b5 10. b4 a5 11. Nc3 axb4 12. Nxb5 Be7 13. h4 O-O 14. h5 Nh8 15.
a4 Rc8 16. Bf4 f6 17. exf6 Bxf6 18. Qb1 g6 19. hxg6 hxg6 20. Bxg6 Nxd4 21.
Nfxd4 Bxd4 22. Bh6 Bxb5 23. Bh7+ Kf7 24. axb5 Qf6 25. Bxf8 Rxf8 26. Ra2 Kg7 27.
Bd3 Nf7 28. Qb3 Ng5 29. Bb1 Qf4 30. Qd3 Rf6 31. g3 Qg4 32. Rc1 Bxf2+ 33. Rxf2
Nh3+ 34. Kf1 Rxf2+ 35. Ke1 Rf3 36. Qh7+ Kf6 37. Qh8+ Ke7 38. Qh7+ Kf6 39. Qh8+
Ke7 40. Rc7+ Kd6 41. Rc6+ Ke7 42. Qh7+ Kf6 43. Qh4+ Qxh4 44. gxh4 Rg3 45. b6
Rg8 46. b7 Rb8 47. Rb6 Nf4 48. Kf2 d4 49. Rxb4 Nd5 50. Rb3 Nc3 51. Bd3 Na4 52.
Rb5 Nc3 53. Rb4 Nd5 54. Rb2 Ke5 55. h5 Ne7 56. h6 Kf6 57. Be4 Ke5 58. Kf3 Kd6
59. h7 Rf8+ 60. Kg4 1-0

[Event "Ramos Mejia Memorial"]
[Site "Buenos Aires"]
[Date "2009.03.14"]
[Round "1"]
[White "Rodriguez Vila, Andres"]
[Black "Mayorga, Nicolas"]
[Result "1-0"]
[WhiteElo "2524"]
[BlackElo "2306"]
[PlyCount "57"]
[EventDate "2009.03.14"]
[EventType "tourn"]
[EventRounds "11"]
[EventCountry "ARG"]
[EventCategory "2"]
[SourceTitle "CBM 129 Extra"]
[Source "ChessBase"]
[SourceDate "2009.05.05"]
[SourceVersion "2"]
[SourceVersionDate "2009.05.20"]
[SourceQuality "1"]

1. d4 c5 2. c3 cxd4 3. cxd4 Nf6 4. Nc3 d5 5. Bf4 Nc6 6. e3 a6 7. Bd3 Bg4 8. f3
Bh5 9. Nge2 e6 10. g4 Bg6 11. Kf2 Bxd3 12. Qxd3 g5 13. Bg3 h5 14. h4 gxh4 15.
Rxh4 Nb4 16. Qd2 Bh6 17. gxh5 Bg5 18. Rh2 Ke7 19. Rg1 Nc6 20. Be5 Bh6 21. Nf4
Nxe5 22. dxe5 Nd7 23. Qd4 Qb8 24. Nfxd5+ exd5 25. Nxd5+ Ke6 26. Qg4+ Kxd5 27.
Qxd7+ Kxe5 28. Qe7+ Kd5 29. Rd1+ 1-0

[Event "Ramos Mejia Memorial"]
[Site "Buenos Aires"]
[Date "2009.03.15"]
[Round "3"]
[White "Rodriguez Vila, Andres"]
[Black "Quiroga, Facundo"]
[Result "0-1"]
[WhiteElo "2524"]
[BlackElo "2329"]
[PlyCount "66"]
[EventDate "2009.03.14"]
[EventType "tourn"]
[EventRounds "11"]
[EventCountry "ARG"]
[EventCategory "2"]
[SourceTitle "CBM 129 Extra"]
[Source "ChessBase"]
[SourceDate "2009.05.05"]
[SourceVersion "2"]
[SourceVersionDate "2009.05.20"]
[SourceQuality "1"]

1. d4 Nf6 2. Bg5 c6 3. Nf3 d5 4. e3 Qb6 5. b3 Ne4 6. Bd3 Bg4 7. Bf4 e6 8. O-O
Nd7 9. c4 Be7 10. Qc2 Bxf3 11. gxf3 Nef6 12. Nc3 O-O 13. Kh1 Rfe8 14. cxd5 exd5
15. Rg1 Bf8 16. Ne2 Kh8 17. e4 c5 18. e5 Nh5 19. Bxh7 Nxf4 20. Nxf4 Qh6 21. Rg3
Qxf4 22. Bf5 Re6 23. Bxe6 fxe6 24. Rag1 Qf5 25. Qe2 cxd4 26. Rg4 d3 27. Qd1 Qh7
28. Rg6 Nxe5 29. R6g3 Qf5 30. f4 Qe4+ 31. R1g2 Qxf4 32. Re3 Kg8 33. Qc1 d4 0-1